Las oportunidades que ofrece la sociedad y la economía costarricense para el desarrollo humano: algunas anotaciones breves sobre la Educación, Pobreza y Movilidad Social/
Zapisane w:
| 1. autor: | |
|---|---|
| Format: | Książka |
| Język: | Spanish |
| Etykiety: |
Dodaj etykietę
Nie ma etykietki, Dołącz pierwszą etykiete!
|
MARC
| LEADER | 00000nam a22000007a 4500 | ||
|---|---|---|---|
| 003 | cru CIDCACS/IIS | ||
| 005 | 20181013062533.0 | ||
| 007 | ta | ||
| 008 | 181012b2003 cr |||||r|||||||| ||spa|d | ||
| 999 | |c 41803 |d 41803 | ||
| 040 | |c cru CIDCACS/IIS | ||
| 100 | 1 | |a Fuentes Rodríguez, Eugenio |9 7819 | |
| 245 | 1 | 4 | |a Las oportunidades que ofrece la sociedad y la economía costarricense para el desarrollo humano: |b algunas anotaciones breves sobre la Educación, Pobreza y Movilidad Social/ |c Eugenio Fuentes Rodríguez |
| 300 | |a páginas 25-31: |b gráficos | ||
| 773 | 0 | |0 41800 |9 2327 |d San José, Costa Rica Universidad de Costa Rica 2003- |o 18133 |t Anotaciones Sociológicas: | |
| 942 | |2 ddc |c LI | ||
